000 00657nam a22002297a 4500
001 00260
003 DO-SdBNP
005 20180212151406.0
008 151211b 2009 sp||||| |||| 00| 0 spa d
020 _a9788444101651
040 _aBPMSU
_bspa
_cBPMSU
092 _axxxxx
_bxxxxx
245 1 0 _aAladdin :
_baprendo con la ge, gi, za, zo, zu /
260 _aCoruña, España :
_bEverest,
_c2009.
300 _a31 p. :
_bil. :
_c22 cm.
490 _aAprendo con las vocales y los fonemas
_v16
830 0 _aAprendo con las vocales y los fonemas
_n16
910 _a00260
942 _2ddc
_cBK
945 _aInventariado, 2018/ YL
956 _adgarcia
_b10
999 _c9103
_d9103